Sharm El Sheikh Int. Airport Destinations (Sharm El Sheikh, Egypt) - Statistics

General Stats
  • This quiz has been taken 71 times
    25 since last reset
  • The average score is 73 of 106
Answer Stats
Airline Destination % Correct
Air Cairo/AlMasria Universal Airlines/Egyptair/Nile Air/Petroleum Air Services Cairo
100%
British Airways/easyJet/TUI Airways/Wizz Air London (Gatwick)
100%
easyJet/Wizz Air London (Luton)
100%
TUI Airways London (Stansted)
100%
Air Cairo/Jordan Aviation/Royal Jordanian Amman (Queen Alia)
93%
easyJet/Transavia Amsterdam
93%
Aegean Airlines Athens
93%
Iraqi Airways Baghdad
93%
Air Cairo/Azerbaijan Airlines Baku
93%
Vueling Barcelona
93%
Air Cairo/easyJet Berlin
93%
Brussels Airlines/TUI fly Belgium Brussels
93%
Air Cairo/ITA Airways/Neos/Wizz Air Rome (Fiumicino)
93%
Air Astana/Air Cairo/Sunday Airlines Almaty
86%
Pegasus Airlines/SunExpress Antalya
86%
Air Cairo/Sunday Airlines Astana
86%
Gulf Air Bahrain
86%
Wizz Air Budapest
86%
TUI fly Netherlands Eindhoven
86%
Air Cairo/Turkish Airlines Istanbul
86%
AJet/Pegasus Airlines Istanbul (Sabiha Gökçen)
86%
Air Cairo/Alexandria Airlines/flyadeal/flynas/Saudia Jeddah
86%
Air Cairo/AlMasria Universal Airlines/Azur Air/Red Wings Airlines/Rossiya Airlines/Ural Airlines Kazan
86%
Jazeera Airways/Kuwait Airways Kuwait City
86%
Air Cairo/AlbaStar/easyJet/Neos/Wizz Air Milan (Malpensa)
86%
Belavia Minsk
86%
Alexandria Airlines/Egyptair/Red Wings Airlines/Ural Airlines Moscow (Domodedovo)
86%
Aeroflot/Air Cairo/AlMasria Universal Airlines/Red Sea Airlines/Rossiya Airlines Moscow (Sheremetyevo)
86%
Azur Air/Red Sea Airlines Moscow (Vnukovo)
86%
Red Wings Airlines Moscow (Zhukovsky)
86%
Air Cairo Munich
86%
easyJet Paris (Charles de Gaulle)
86%
Transavia Paris (Orly)
86%
Smartwings Prague
86%
Air Cairo/flyadeal/flynas/Saudia Riyadh
86%
Aeroflot/AlMasria Universal Airlines/Azimuth/Azur Air/Red Wings Airlines/Rossiya Airlines/Ural Airlines Sochi
86%
Air Cairo/Nile Air/Uzbekistan Airways Tashkent
86%
Georgian Airways Tbilisi
86%
AlMasria Universal Airlines/Azur Air/Red Sea Airlines/Rossiya Airlines/Ural Airlines Yekaterinburg
86%
Air Cairo/Egyptair Alexandria
79%
Middle East Airlines/Petroleum Air Services Beirut
79%
Air Serbia Belgrade
79%
easyJet/TUI Airways Birmingham
79%
Air Cairo/Neos Bologna
79%
Fly Lili Bucharest (Băneasa)
79%
FlyOne Chișinău
79%
easyJet Geneva
79%
SunExpress İzmir
79%
Air Cairo Madrid
79%
easyJet/TUI Airways Manchester
79%
AlMasria Universal Airlines/Azur Air/Rossiya Airlines/Ural Airlines Nizhny Novgorod
79%
TUI fly Netherlands Rotterdam
79%
Aeroflot/Air Cairo/AlMasria Universal Airlines/Azur Air/Red Wings Airlines/Rossiya Airlines Saint Petersburg
79%
Air Cairo/easyJet/Wizz Air Venice
79%
Air Cairo/FlyArna Yerevan
79%
Chair Airlines/Edelweiss Air Zürich
79%
Air Cairo/AlbaStar/Neos Bari
71%
Air Cairo/AlbaStar/Neos Bergamo
71%
Air Cairo/Atlantic Airways/DAT Copenhagen
71%
Air Cairo Düsseldorf
71%
Air Cairo Frankfurt
71%
Belavia Gomel
71%
Air Cairo/Egyptair Luxor
71%
Air Cairo/AlbaStar/easyJet/Neos/Wizz Air Naples
71%
airBaltic/GetJet Airlines/Smartlynx Airlines Riga
71%
AlMasria Universal Airlines/Azur Air/Rossiya Airlines Samara
71%
Wizz Air Vienna
71%
Enter Air Warsaw (Chopin)
71%
Skyline Express Warsaw (Radom)
71%
Red Sea Airlines Bishkek
64%
easyJet/TUI Airways Bristol
64%
Air Cairo/Neos/Wizz Air Catania
64%
Air Cairo Giza
64%
TUI Airways Glasgow
64%
BH Air Sofia
64%
GetJet Airlines/Smartlynx Airlines Tallinn
64%
Air Cairo/AlMasria Universal Airlines/Azur Air/Rossiya Airlines Ufa
64%
GetJet Airlines Vilnius
64%
FlyArystan Aktau
57%
flyadeal/flynas Dammam
57%
Air Cairo/Egyptair Hurghada
57%
easyJet/TUI Airways Newcastle upon Tyne
57%
AlMasria Universal Airlines/Azur Air/Ural Airlines Perm
57%
Neos Verona
57%
AlMasria Universal Airlines/Azur Air Chelyabinsk
50%
Enter Air Katowice
50%
Azimuth/Azur Air Mineralnye Vody
50%
AlMasria Universal Airlines/Ural Airlines Volgograd
50%
Air Cairo/FlyArystan/Sunday Airlines Aktobe
43%
FlyArystan Atyrau
43%
TUI Airways East Midlands
43%
AlMasria Universal Airlines Kaliningrad
43%
Neos Rimini
43%
Air Cairo/Alexandria Airlines Casablanca
36%
Alexandria Airlines Marrakesh
36%
Neos Pescara
29%
Air Cairo Aarhus
21%
Sunday Airlines Shymkent
21%
AlMasria Universal Airlines/Azur Air Tyumen
21%
Belavia Vitebsk
21%
Alexandria Airlines Tangier
14%
FlyArystan/Sunday Airlines Oral
7%
SCAT Airlines Petropavl
7%
Ural Airlines Vladikavkaz
7%
Sunday Airlines Kostanay
0%
Air Cairo Qostanai
0%
No matching quizzes found
Score Distribution
Percent of People with Each Score
Percentile by Number Answered
Your Score History
You have not taken this quiz since the last reset